[Event "SK Königsspringer Nordwalde 1 - SK Mete"]
[Site "Verbandsklasse 2016/2017"]
[Date "2016.12.10"]
[Round "4.1"]
[White "Schudro, Vasily"]
[Black "Wetterau, Georg"]
[Result "1-0"]
[WhiteElo "2075"]
[BlackElo "1800"]
[PlyCount "71"]
[EventDate "2016.??.??"]
[SourceDate "2016.10.13"]

1. e4 e5 2. Nf3 Nc6 3. Nc3 Nf6 4. Bb5 Bc5 5. Nxe5 Nxe5 6. d4 Bd6 7. dxe5 Bxe5
8. Qd3 O-O 9. Bd2 c6 10. Ba4 b5 11. Bb3 b4 12. Nd1 a5 13. f4 Ba6 14. Bc4 Bxc4
15. Qxc4 d5 16. exd5 cxd5 17. Qd3 Bd6 18. O-O Bc5+ 19. Be3 Qe7 20. Kh1 Ng4 21.
Bxc5 Qxc5 22. h3 Nf6 23. Ne3 Rfe8 24. Rae1 Ne4 25. Kh2 Rad8 26. Nf5 g6 27. Nd4
Kg7 28. Rd1 Qe7 29. Nc6 Qh4 30. Nxd8 Rxd8 31. f5 f6 32. Qe3 g5 33. Qf3 Rc8 34.
Rxd5 Rxc2 35. Rd7+ Kh6 36. Rd4 1-0

[Event "SK Königsspringer Nordwalde 1 - SK Mete"]
[Site "Verbandsklasse 2016/2017"]
[Date "2016.12.10"]
[Round "4.2"]
[White "Sandmann, Matthias"]
[Black "Bernink, Henk"]
[Result "0-1"]
[WhiteElo "1742"]
[BlackElo "2124"]
[PlyCount "26"]
[EventDate "2016.??.??"]
[SourceDate "2016.10.13"]

1. d4 c5 2. c3 cxd4 3. cxd4 d5 4. Nc3 Nf6 5. Nf3 Nc6 6. Bg5 Bf5 7. e3 e6 8. Be2
Bd6 9. Qb3 a6 10. O-O O-O 11. Nh4 Bg6 12. Nxg6 hxg6 13. Qxb7 Na5 0-1

[Event "SK Königsspringer Nordwalde 1 - SK Mete"]
[Site "Verbandsklasse 2016/2017"]
[Date "2016.12.10"]
[Round "4.3"]
[White "Koch, Alexander"]
[Black "Lerke, Bernd"]
[Result "1-0"]
[WhiteElo "2031"]
[BlackElo "1860"]
[PlyCount "53"]
[EventDate "2016.??.??"]
[SourceDate "2016.10.13"]

1. e4 e6 2. d4 c5 3. c3 b6 4. Nf3 Nf6 5. e5 Ne4 6. d5 Bb7 7. Bc4 h6 8. O-O Be7
9. Qd3 Ng5 10. Nxg5 hxg5 11. d6 Bf8 12. Qg3 Nc6 13. Bxg5 Qc8 14. f4 Ba6 15. Nd2
Bxc4 16. Nxc4 Qa6 17. b3 b5 18. Ne3 Rb8 19. f5 Nxe5 20. Qxe5 f6 21. Qe4 Bxd6
22. Bf4 Bxf4 23. Qxf4 Qb6 24. c4 Kf7 25. Rad1 Rb7 26. Rd6 Qa5 27. Qe4 1-0

[Event "SK Königsspringer Nordwalde 1 - SK Mete"]
[Site "Verbandsklasse 2016/2017"]
[Date "2016.12.10"]
[Round "4.4"]
[White "Mense, Jens-Uwe"]
[Black "Zachej, Arne"]
[Result "1/2-1/2"]
[WhiteElo "1793"]
[BlackElo "1879"]
[PlyCount "40"]
[EventDate "2016.??.??"]
[SourceDate "2016.10.13"]

1. e4 c5 2. d3 e6 3. g3 d5 4. Nd2 Nf6 5. Bg2 Nc6 6. Ne2 Be7 7. O-O Qb6 8. b3
O-O 9. h3 Rd8 10. Kh2 dxe4 11. dxe4 c4 12. Qe1 cxb3 13. axb3 Nb4 14. Nc4 Qc5
15. Be3 Qh5 16. Nf4 Qh6 17. Qe2 g5 18. Nd3 Nc6 19. c3 Bd7 20. f4 g4 1/2-1/2

[Event "SK Königsspringer Nordwalde 1 - SK Mete"]
[Site "Verbandsklasse 2016/2017"]
[Date "2016.12.10"]
[Round "4.5"]
[White "Wigger, Frank"]
[Black "Holstegge, Ludger"]
[Result "1/2-1/2"]
[WhiteElo "1800"]
[BlackElo "1829"]
[PlyCount "43"]
[EventDate "2016.??.??"]
[SourceDate "2016.10.13"]

1. e4 c5 2. c3 e6 3. d4 cxd4 4. cxd4 Nf6 5. Nc3 d6 6. Nf3 Be7 7. Bd3 O-O 8. O-O
Nc6 9. a3 Qb6 10. e5 dxe5 11. dxe5 Nd7 12. Qe2 Nd4 13. Nxd4 Qxd4 14. Re1 Nxe5
15. Bxh7+ Kxh7 16. Qh5+ Kg8 17. Rxe5 Qh4 18. Qe2 g6 19. Re4 Qh5 20. Qxh5 gxh5
21. Nd5 Bd8 22. Nf4 1/2-1/2

[Event "SK Königsspringer Nordwalde 1 - SK Mete"]
[Site "Verbandsklasse 2016/2017"]
[Date "2016.12.10"]
[Round "4.6"]
[White "Kasubke, Manfred"]
[Black "Gravenkötter, Christian"]
[Result "1/2-1/2"]
[WhiteElo "1889"]
[BlackElo "1689"]
[PlyCount "60"]
[EventDate "2016.??.??"]
[SourceDate "2016.10.13"]

1. c4 e5 2. Nc3 Nf6 3. g3 d5 4. cxd5 Nxd5 5. Bg2 Nxc3 6. bxc3 Bd6 7. Nf3 O-O 8.
e4 Nc6 9. O-O Bg4 10. h3 Bxf3 11. Bxf3 Bc5 12. d3 Qd7 13. Bg4 Qd6 14. Kh2 Rad8
15. Be2 Ba3 16. Bg5 f6 17. Be3 Kh8 18. Rb1 b6 19. Rb5 Qe6 20. Qb3 Qe7 21. Qa4
Na5 22. Rb4 Bxb4 23. cxb4 Nb7 24. Qxa7 Rb8 25. Rc1 Qd8 26. Bg4 Rf7 27. Be6 Re7
28. Bd5 Nd6 29. Qa4 h6 30. Qb3 g5 1/2-1/2

[Event "SK Königsspringer Nordwalde 1 - SK Mete"]
[Site "Verbandsklasse 2016/2017"]
[Date "2016.12.10"]
[Round "4.7"]
[White "Denkler, Jürgen"]
[Black "Schmidt, Ralf"]
[Result "1/2-1/2"]
[WhiteElo "1682"]
[BlackElo "1568"]
[PlyCount "35"]
[EventDate "2016.??.??"]
[SourceDate "2016.10.13"]

1. d4 e6 2. c4 f5 3. g3 Nf6 4. Bg2 c6 5. Nc3 d5 6. cxd5 exd5 7. Nf3 Bd6 8. O-O
O-O 9. a3 a5 10. Rb1 Ne4 11. Qc2 Na6 12. Ne1 Qf6 13. e3 h5 14. f3 Nxc3 15. bxc3
h4 16. f4 Nc7 17. Kf2 Nb5 18. a4 1/2-1/2

[Event "SK Königsspringer Nordwalde 1 - SK Mete"]
[Site "Verbandsklasse 2016/2017"]
[Date "2016.12.10"]
[Round "4.8"]
[White "Keller, Hansjürgen"]
[Black "Blanke, Martin"]
[Result "1/2-1/2"]
[WhiteElo "1660"]
[BlackElo "1672"]
[PlyCount "46"]
[EventDate "2016.??.??"]
[SourceDate "2016.10.13"]

1. d4 Nf6 2. Nf3 e6 3. Bf4 c5 4. e3 Nc6 5. c3 Be7 6. Bd3 b6 7. h3 Bb7 8. O-O
O-O 9. Nbd2 Rc8 10. Ne5 Nxe5 11. Bxe5 d6 12. Bxf6 Bxf6 13. Nf3 h6 14. dxc5 bxc5
15. Qe2 d5 16. Ba6 Bxa6 17. Qxa6 Qb6 18. Qxb6 axb6 19. Rfd1 Rfd8 20. Rd2 Rc7
21. Rad1 Ra8 22. a3 Ra4 23. Ne1 g5 1/2-1/2

[Event "SG Turm Raesfeld/Erle 2 - SC Klein-Berl"]
[Site "Verbandsklasse 2016/2017"]
[Date "2016.12.10"]
[Round "4.1"]
[White "Ratert, Matthias"]
[Black "Bölker, Franz"]
[Result "1-0"]
[WhiteElo "1864"]
[BlackElo "1798"]
[PlyCount "93"]
[EventDate "2016.??.??"]
[SourceDate "2016.10.13"]

1. e4 c5 2. c3 d5 3. exd5 Qxd5 4. d4 e6 5. Nf3 Nf6 6. Na3 Be7 7. Be2 cxd4 8.
Nb5 Qd8 9. Qxd4 O-O 10. Qxd8 Bxd8 11. Be3 a6 12. Nd6 Nc6 13. Nd4 Be7 14. Nxc8
Raxc8 15. Nxc6 Rxc6 16. Bf3 Nd5 17. Bxd5 exd5 18. O-O-O Rd8 19. Rd3 b5 20. Kb1
b4 21. cxb4 Bxb4 22. Rhd1 Rcd6 23. a3 Ba5 24. b4 Bc7 25. Bf4 Rc6 26. Bxc7 Rxc7
27. Rxd5 Re8 28. Rd8 Kf8 29. Rxe8+ Kxe8 30. Rd6 Ra7 31. Kb2 Ke7 32. Rd3 Ke6 33.
Kb3 Rb7 34. Rd8 a5 35. Rd2 g6 36. Ka4 axb4 37. axb4 Ra7+ 38. Kb5 Ra1 39. Kb6
Rb1 40. b5 h5 41. Kc6 Rc1+ 42. Kb7 Rb1 43. b6 f6 44. Kc7 Rc1+ 45. Kb8 Rb1 46.
b7 g5 47. Ra2 1-0

[Event "SG Turm Raesfeld/Erle 2 - SC Klein-Berl"]
[Site "Verbandsklasse 2016/2017"]
[Date "2016.12.10"]
[Round "4.2"]
[White "Fasselt, Hendrik"]
[Black "van Dijk, Guido"]
[Result "1/2-1/2"]
[WhiteElo "1822"]
[BlackElo "1712"]
[PlyCount "71"]
[EventDate "2016.??.??"]
[SourceDate "2016.10.13"]

1. b3 d5 2. Bb2 Nf6 3. e3 c5 4. Nf3 Bg4 5. Be2 Nc6 6. d3 e6 7. Nbd2 Be7 8. O-O
O-O 9. c4 Qc7 10. Rc1 b6 11. h3 Bh5 12. Re1 Rfd8 13. Qc2 dxc4 14. Nxc4 Bg6 15.
a3 Nd7 16. Red1 Rac8 17. Qb1 Qb8 18. Qa1 Bf6 19. Bxf6 Nxf6 20. Nce5 Nxe5 21.
Nxe5 Rd5 22. Nxg6 hxg6 23. Rc4 Rcd8 24. b4 cxb4 25. axb4 R5d7 26. Rdc1 Nd5 27.
d4 Rc7 28. Rxc7 Nxc7 29. b5 Nd5 30. Qa6 Ne7 31. Qa3 Rd7 32. Bf3 Rc7 33. Ra1 Qd8
34. g3 Qd7 35. Qb2 Nd5 36. Ra3 1/2-1/2

[Event "SG Turm Raesfeld/Erle 2 - SC Klein-Berl"]
[Site "Verbandsklasse 2016/2017"]
[Date "2016.12.10"]
[Round "4.3"]
[White "Brinkmann, Franz-Josef"]
[Black "Brömmel, Chris"]
[Result "1-0"]
[WhiteElo "1773"]
[BlackElo "1770"]
[PlyCount "91"]
[EventDate "2016.??.??"]
[SourceDate "2016.10.13"]

1. e4 c6 2. d4 d6 3. c4 Qc7 4. Nc3 e5 5. d5 Nf6 6. Be2 Be7 7. Nf3 Bg4 8. h3
Bxf3 9. Bxf3 a5 10. Be3 Na6 11. a3 O-O 12. O-O Rfd8 13. Na4 c5 14. Nc3 Qd7 15.
Bg5 Nc7 16. Qe2 Rab8 17. Nb5 Nxb5 18. cxb5 b6 19. a4 Ne8 20. Bg4 Qc7 21. f4 h6
22. Bxe7 Qxe7 23. Ra3 Nf6 24. Rg3 Re8 25. f5 Kh8 26. Qe3 Rg8 27. Be2 Kh7 28. h4
Rbc8 29. Rh3 Nd7 30. g4 f6 31. Rf2 c4 32. g5 Nc5 33. Bh5 Qf8 34. Bg6+ Kh8 35.
Rg2 Nxa4 36. Rc2 c3 37. bxc3 Rc4 38. Qe2 Qc8 39. Qh5 Qf8 40. Bf7 Rxe4 41. Bxg8
Qxg8 42. gxh6 g5 43. fxg6 Qc8 44. Rg3 Kg8 45. g7 Qc5+ 46. Kh2 1-0

[Event "SG Turm Raesfeld/Erle 2 - SC Klein-Berl"]
[Site "Verbandsklasse 2016/2017"]
[Date "2016.12.10"]
[Round "4.4"]
[White "Tünte, Marcel"]
[Black "Miethe, Christoph"]
[Result "1/2-1/2"]
[WhiteElo "1852"]
[BlackElo "1695"]
[PlyCount "94"]
[EventDate "2016.??.??"]
[SourceDate "2016.10.13"]

1. e4 e5 2. Nf3 Nf6 3. Bc4 Nc6 4. d3 Be7 5. O-O O-O 6. Be3 d5 7. exd5 Nxd5 8.
Bxd5 Qxd5 9. Nc3 Qd8 10. h3 f5 11. Qe2 f4 12. Bd2 Bd6 13. Ne4 h6 14. Bc3 Bf5
15. d4 Re8 16. Nxd6 cxd6 17. dxe5 dxe5 18. Rad1 Qf6 19. Rfe1 Qg6 20. Nh4 Qg5
21. Nxf5 Qxf5 22. Rd5 Rad8 23. Rxd8 Rxd8 24. Qb5 Qxc2 25. Qxb7 Qg6 26. Bxe5
Nxe5 27. Rxe5 Rd2 28. Re1 a6 29. Qb8+ Kh7 30. Qxf4 Rxb2 31. a4 Rb6 32. Qe4 Qxe4
33. Rxe4 Kg6 34. g4 Kf6 35. Kg2 g6 36. Kg3 a5 37. h4 Rb8 38. f3 Rb4 39. g5+
hxg5 40. hxg5+ Kf5 41. Rg4 Rxg4+ 42. fxg4+ Ke4 43. Kg2 Kf4 44. Kh3 Kf3 45. Kh4
Kf4 46. Kh3 Ke3 47. Kg3 Ke4 1/2-1/2

[Event "SG Turm Raesfeld/Erle 2 - SC Klein-Berl"]
[Site "Verbandsklasse 2016/2017"]
[Date "2016.12.10"]
[Round "4.5"]
[White "Huesmann, Stephan"]
[Black "Kadenbach, Wolfgang"]
[Result "0-1"]
[WhiteElo "1687"]
[BlackElo "1746"]
[PlyCount "80"]
[EventDate "2016.??.??"]
[SourceDate "2016.10.13"]

1. e4 e6 2. d4 d5 3. Nd2 c5 4. c3 cxd4 5. cxd4 Nc6 6. Ngf3 Nf6 7. e5 Nd7 8. Be2
f6 9. exf6 Qxf6 10. Nb3 Bb4+ 11. Kf1 h6 12. g3 O-O 13. Be3 e5 14. dxe5 Ndxe5
15. Nxe5 Bh3+ 16. Kg1 Qxe5 17. Qd3 Rad8 18. f4 Qxb2 19. Kf2 Bg4 20. Rhc1 Rfe8
21. Rc2 Bxe2 22. Rxe2 Qf6 23. a3 Bf8 24. Rd1 b6 25. Rc2 Ne5 26. Qe2 Nc4 27. Rd3
g5 28. Qg4 Rxe3 29. Rxe3 Nxe3 30. Kxe3 Qg6 31. f5 Qd6 32. Nd4 Qxa3+ 33. Kf2 Bc5
34. f6 Qd3 35. Rxc5 bxc5 36. f7+ Kh7 37. Ne6 Rb8 38. f8=N+ Kg8 39. Nf4 Rb2+ 40.
Ne2 Rxe2+ 0-1

[Event "SG Turm Raesfeld/Erle 2 - SC Klein-Berl"]
[Site "Verbandsklasse 2016/2017"]
[Date "2016.12.10"]
[Round "4.6"]
[White "Suer, Julian"]
[Black "Pohlmeier, Ulrich"]
[Result "1-0"]
[WhiteElo "1730"]
[BlackElo "1588"]
[PlyCount "59"]
[EventDate "2016.??.??"]
[SourceDate "2016.10.13"]

1. e4 e5 2. Nf3 Nc6 3. Bc4 Bc5 4. b4 Bxb4 5. c3 Be7 6. d4 exd4 7. cxd4 d6 8.
O-O Nf6 9. Nc3 O-O 10. Qc2 h6 11. e5 dxe5 12. dxe5 Nh7 13. Rd1 Qe8 14. Nd5 Bd8
15. Ba3 Nxe5 16. Nxe5 Qxe5 17. Bxf8 Nxf8 18. Re1 Qg5 19. Qb3 c6 20. Ne3 Qf6 21.
Rad1 Bb6 22. Re2 Ne6 23. Ng4 Qf4 24. Ne5 Ng5 25. Nxf7 Nxf7 26. Bxf7+ Kh7 27.
Re8 Qxf2+ 28. Kh1 Bg4 29. Rxa8 Bxd1 30. Bg8+ 1-0

[Event "SG Turm Raesfeld/Erle 2 - SC Klein-Berl"]
[Site "Verbandsklasse 2016/2017"]
[Date "2016.12.10"]
[Round "4.7"]
[White "Engfer, Klaus"]
[Black "Droste, Laurenz"]
[Result "1/2-1/2"]
[WhiteElo "1554"]
[BlackElo "1648"]
[PlyCount "51"]
[EventDate "2016.??.??"]
[SourceDate "2016.10.13"]

1. e4 e6 2. d4 b6 3. Nf3 Bb7 4. Bd3 c5 5. c3 cxd4 6. cxd4 Bb4+ 7. Bd2 Nc6 8.
O-O Bxd2 9. Qxd2 Nge7 10. Nc3 O-O 11. Rfe1 f5 12. d5 Nb4 13. d6 Ng6 14. Bb1
fxe4 15. Nxe4 Nd5 16. Neg5 Rf6 17. Be4 Qf8 18. Bxg6 Rxg6 19. Ne5 Qf5 20. Nxg6
Qxg6 21. f3 Rf8 22. Rf1 Nf4 23. Ne4 Ba6 24. Rfe1 Nd3 25. Re3 Ne5 26. Qc3
1/2-1/2

[Event "SG Turm Raesfeld/Erle 2 - SC Klein-Berl"]
[Site "Verbandsklasse 2016/2017"]
[Date "2016.12.10"]
[Round "4.8"]
[White "Grömping, Franz-Josef"]
[Black "van Dam, Hans"]
[Result "1/2-1/2"]
[WhiteElo "1675"]
[BlackElo "1551"]
[PlyCount "63"]
[EventDate "2016.??.??"]
[SourceDate "2016.10.13"]

1. e4 e5 2. Nf3 Nc6 3. Bc4 Bc5 4. d3 h6 5. c3 Nf6 6. b4 Bb6 7. a4 a6 8. Nbd2 d6
9. h3 Be6 10. Bxe6 fxe6 11. Nc4 Ba7 12. O-O O-O 13. Qb3 Qe8 14. Be3 Kh7 15. b5
Nd8 16. Bxa7 Rxa7 17. b6 cxb6 18. Qxb6 Nc6 19. Nxd6 Qd8 20. Nc4 Qxb6 21. Nxb6
Rd8 22. Rfd1 Nd7 23. Nc4 b6 24. Rab1 Rb7 25. d4 exd4 26. Nxd4 Nxd4 27. Rxd4
Rdb8 28. f3 Rc7 29. Nd2 Rbb7 30. c4 Nc5 31. Rd6 Rd7 32. Rxd7 1/2-1/2

[Event "SK Münster 5 - Indische Dame Münster 1"]
[Site "Verbandsklasse 2016/2017"]
[Date "2016.12.10"]
[Round "4.1"]
[White "Stevermüer, Rüdiger"]
[Black "Jensen, Sören"]
[Result "0-1"]
[WhiteElo "1991"]
[BlackElo "1734"]
[PlyCount "110"]
[EventDate "2016.??.??"]
[SourceDate "2016.10.13"]

1. e4 d5 2. d3 Nc6 3. Nd2 Nf6 4. Ngf3 e5 5. Be2 Bc5 6. O-O Qe7 7. c3 dxe4 8.
dxe4 Bd7 9. b4 Bd6 10. a3 O-O 11. Qc2 a5 12. Bb2 Qe8 13. Nc4 a4 14. Ne3 Ng4 15.
Nxg4 Bxg4 16. Rad1 Be6 17. Nd2 f5 18. Bc4 Bxc4 19. Nxc4 Qg6 20. exf5 Rxf5 21.
Nxd6 cxd6 22. Rxd6 Qg4 23. Qd1 Qh4 24. Bc1 Raf8 25. Be3 e4 26. Bd4 Rh5 27. h3
Rf3 28. Qxa4 h6 29. Qb3+ Kh7 30. Qe6 Rg5 31. Re1 Nxd4 32. Qxe4+ Qxe4 33. Rxe4
Nb5 34. Rd7 Nxc3 35. Ree7 b5 36. h4 Rg4 37. Kf1 Rf5 38. Rd3 Na4 39. g3 Nb2 40.
Rb3 Nc4 41. Kg2 Rd4 42. Rb7 Rd2 43. Rf3 Rxf3 44. Kxf3 Nxa3 45. Ra7 Nc2 46. Ra5
Rd5 47. Ke4 Nxb4 48. g4 Nc6 49. Kxd5 Nxa5 50. Kc5 Nc6 51. Kxb5 Nd4+ 52. Kc4 Nf3
53. Kd3 Nxh4 54. Ke4 Kg6 55. f4 Kf6 0-1

[Event "SK Münster 5 - Indische Dame Münster 1"]
[Site "Verbandsklasse 2016/2017"]
[Date "2016.12.10"]
[Round "4.2"]
[White "Vogenauer, Nikolas"]
[Black "Frie, Michael"]
[Result "1-0"]
[WhiteElo "1665"]
[BlackElo "1894"]
[PlyCount "71"]
[EventDate "2016.??.??"]
[SourceDate "2016.10.13"]

1. e4 d6 2. d4 c6 3. Nf3 Bg4 4. Nbd2 Qc7 5. c4 e5 6. d5 Nf6 7. Be2 Be7 8. O-O
Bxf3 9. Bxf3 O-O 10. Re1 Nbd7 11. Nf1 Rfc8 12. Ne3 Bf8 13. Bd2 Qb6 14. Bc3 Nc5
15. Ng4 Ncd7 16. Ne3 Qa6 17. a4 Nc5 18. Ng4 Qxc4 19. Nxf6+ gxf6 20. Bg4 Rd8 21.
Bf5 cxd5 22. exd5 Qh4 23. Re3 Bg7 24. b4 Nd7 25. Bd2 Qd4 26. Rg3 Nf8 27. h4 Ng6
28. h5 Qxd5 29. hxg6 fxg6 30. Bc2 Qc6 31. Rc1 Qd7 32. Bb3+ Kh8 33. Rh3 f5 34.
Bg5 Rdc8 35. Rxc8+ Rxc8 36. Rd3 1-0

[Event "SK Münster 5 - Indische Dame Münster 1"]
[Site "Verbandsklasse 2016/2017"]
[Date "2016.12.10"]
[Round "4.3"]
[White "Tenberge, Norbert"]
[Black "Peters, Helmut"]
[Result "0-1"]
[WhiteElo "1844"]
[BlackElo "2089"]
[PlyCount "68"]
[EventDate "2016.??.??"]
[SourceDate "2016.10.13"]

1. c4 Nf6 2. Nc3 g6 3. d4 Bg7 4. g3 O-O 5. Bg2 d6 6. Nf3 Nc6 7. O-O a6 8. e4
Rb8 9. a4 e5 10. dxe5 dxe5 11. Qxd8 Rxd8 12. Bg5 Re8 13. Rfd1 Bg4 14. h3 Bxf3
15. Bxf3 Nd4 16. Bg2 c6 17. f4 Nh5 18. fxe5 Bxe5 19. Bf4 Nxf4 20. gxf4 Bxf4 21.
Rd3 Rbd8 22. Rad1 Be5 23. Kf2 Ne6 24. Rd7 Rxd7 25. Rxd7 Nc5 26. Rd1 Bxc3 27.
bxc3 Nxe4+ 28. Kf1 Nxc3 29. Rd7 Rb8 30. a5 Na4 31. Kf2 Nc5 32. Rd2 Re8 33. Ra2
Re5 34. Ra3 f5 0-1

[Event "SK Münster 5 - Indische Dame Münster 1"]
[Site "Verbandsklasse 2016/2017"]
[Date "2016.12.10"]
[Round "4.4"]
[White "Schmitt, Konrad"]
[Black "ter Veen, Michael"]
[Result "1-0"]
[WhiteElo "1684"]
[BlackElo "1730"]
[PlyCount "125"]
[EventDate "2016.??.??"]
[SourceDate "2016.10.13"]

1. e4 c5 2. Nf3 g6 3. d4 cxd4 4. Nxd4 Bg7 5. c3 d6 6. Be3 Nf6 7. f3 O-O 8. Qd2
Nc6 9. Be2 Bd7 10. Na3 a6 11. Nac2 Rc8 12. Nxc6 Bxc6 13. Nd4 d5 14. e5 Ne8 15.
f4 Nc7 16. O-O f6 17. Nf3 Qd7 18. exf6 exf6 19. Rad1 Rfe8 20. Bd4 Re7 21. Bc5
Rf7 22. Nd4 f5 23. Nf3 Re8 24. Bd3 Ne6 25. Bf2 Qd6 26. Bg3 Nc5 27. Bc2 Rfe7 28.
Rfe1 Rxe1+ 29. Rxe1 Rxe1+ 30. Bxe1 Ne4 31. Qe3 h6 32. g3 a5 33. Nd4 Qc5 34.
Bxe4 fxe4 35. Bf2 Bxd4 36. Qxd4 Qxd4 37. Bxd4 Kf7 38. Kf2 Ke6 39. g4 Bd7 40.
Bc5 Kf6 41. Kg3 a4 42. b3 axb3 43. axb3 Bb5 44. Bd4+ Kf7 45. h3 Be2 46. Kf2 Bd1
47. b4 h5 48. gxh5 gxh5 49. f5 Ba4 50. Kg3 Bd1 51. Kf4 Be2 52. Ke5 Bc4 53. Kd6
e3 54. Bxe3 Kf6 55. Kc7 Ba6 56. Kb6 Bf1 57. h4 Kxf5 58. Kxb7 Ke6 59. Kc6 Bg2
60. Bd4 Ke7 61. b5 Kd8 62. b6 Kc8 63. b7+ 1-0

[Event "SK Münster 5 - Indische Dame Münster 1"]
[Site "Verbandsklasse 2016/2017"]
[Date "2016.12.10"]
[Round "4.5"]
[White "Dittberner, Markus"]
[Black "Bissen, Philippe"]
[Result "0-1"]
[WhiteElo "1665"]
[BlackElo "1674"]
[PlyCount "66"]
[EventDate "2016.??.??"]
[SourceDate "2016.10.13"]

1. e4 c5 2. Nf3 Nc6 3. d4 cxd4 4. Nxd4 Nf6 5. Nc3 e5 6. Ndb5 d6 7. Bg5 a6 8.
Na3 Be6 9. Be2 Be7 10. O-O Rc8 11. Rc1 b5 12. Bxf6 Bxf6 13. Nd5 Bg5 14. f4 Bxd5
15. exd5 Bxf4 16. Rxf4 exf4 17. dxc6 Rxc6 18. Bf3 Rc5 19. Qd4 O-O 20. Rd1 Qe7
21. c3 Re5 22. Nc2 Rd8 23. Qxf4 d5 24. h3 g5 25. Qg3 a5 26. Nd4 f6 27. Nc6 Qc5+
28. Nd4 b4 29. cxb4 Qxb4 30. Kh2 Qc5 31. Nb3 Qb6 32. Qg4 Qc7 33. Qa4 Re4+ 0-1

[Event "SK Münster 5 - Indische Dame Münster 1"]
[Site "Verbandsklasse 2016/2017"]
[Date "2016.12.10"]
[Round "4.6"]
[White "Schlagheck, Thomas"]
[Black "Overesch, Dieter"]
[Result "0-1"]
[WhiteElo "1654"]
[BlackElo "1689"]
[PlyCount "102"]
[EventDate "2016.??.??"]
[SourceDate "2016.10.13"]

1. c4 d6 2. d4 e5 3. dxe5 dxe5 4. Qxd8+ Kxd8 5. Nf3 f6 6. e3 Be6 7. Nc3 Nd7 8.
Bd2 c6 9. Be2 Kc7 10. O-O Nh6 11. a3 a5 12. Rfd1 Nc5 13. Be1 Nb3 14. Rab1 Bf5
15. e4 Be6 16. Na2 Nf7 17. Nc1 Nc5 18. Nd2 Ng5 19. f3 a4 20. Na2 Bf7 21. Bf2
Nge6 22. g3 h5 23. Nf1 Nb3 24. Kg2 Ned4 25. Bxd4 Nxd4 26. Bd3 h4 27. g4 Ne6 28.
Rbc1 Nf4+ 29. Kh1 Bc5 30. Nc3 Bd4 31. Bc2 Bxc4 32. Nd2 Be2 33. Nxe2 Nxe2 34.
Rb1 Rhd8 35. Nf1 b5 36. Rd2 Nf4 37. Rdd1 Kb6 38. h3 Nxh3 39. Kg2 Nf4+ 40. Kh1
Rd6 41. b3 Ne2 42. Rd3 Nc3 43. Re1 axb3 44. Bxb3 Rxa3 45. Bf7 Bc5 46. Rxd6 Bxd6
47. Rc1 Bc5 48. Be8 Ne2 49. Rc2 Nf4 50. Nd2 Ra1+ 51. Kh2 Bg1+ 0-1

[Event "SK Münster 5 - Indische Dame Münster 1"]
[Site "Verbandsklasse 2016/2017"]
[Date "2016.12.10"]
[Round "4.7"]
[White "Wichmann, Norbert"]
[Black "Altgelt, Max"]
[Result "1-0"]
[WhiteElo "1739"]
[BlackElo "1703"]
[PlyCount "149"]
[EventDate "2016.??.??"]
[SourceDate "2016.10.13"]

1. d4 Nf6 2. Nf3 g6 3. g3 Bg7 4. Bg2 O-O 5. O-O d6 6. c4 c5 7. Nc3 cxd4 8. Nxd4
Qc7 9. b3 Nc6 10. Bb2 Bf5 11. Nxf5 gxf5 12. Qd2 Qd7 13. Rad1 Rad8 14. Ba3 b6
15. Qc2 Ne5 16. Bh3 Neg4 17. e4 fxe4 18. Nxe4 Nxe4 19. Qxe4 f5 20. Qd5+ Kh8 21.
Rd3 Ne5 22. Rd2 e6 23. Qg2 Qc7 24. Rfd1 Nf7 25. f4 Rfe8 26. Qf3 Bf8 27. Bg2 a5
28. Qh5 Nh6 29. Bb2+ Kg8 30. Qg5+ Bg7 31. Qxg7+ Qxg7 32. Bxg7 Kxg7 33. Rxd6 Rb8
34. Rd7+ Nf7 35. Bf3 Kf6 36. Bh5 Re7 37. Bxf7 Kxf7 38. Rd8 Rbb7 39. Kf2 Kf6 40.
Rf8+ Kg7 41. Rdd8 Rbd7 42. Rg8+ Kf6 43. Rdf8+ Rf7 44. Ke2 e5 45. Rxf7+ Rxf7 46.
Rb8 exf4 47. gxf4 Re7+ 48. Kf3 Re6 49. Rf8+ Kg6 50. h4 Re1 51. Rb8 Re6 52. Rg8+
Kh5 53. Rg5+ Kxh4 54. Rxf5 h6 55. Rd5 Rf6 56. Rd1 Kh5 57. Rg1 Rd6 58. Rg2 Rd1
59. Ke4 Kh4 60. Rg6 Re1+ 61. Kf5 h5 62. Rxb6 Kg3 63. Rg6+ Kh3 64. Ra6 h4 65.
Rxa5 Kg2 66. Ra8 h3 67. Rg8+ Kf3 68. Rh8 Kg2 69. c5 h2 70. b4 Re3 71. Rxh2+
Kxh2 72. c6 Kg3 73. b5 Rc3 74. a4 Kf3 75. Ke5 1-0

[Event "SK Münster 5 - Indische Dame Münster 1"]
[Site "Verbandsklasse 2016/2017"]
[Date "2016.12.10"]
[Round "4.8"]
[White "Leder, Nils"]
[Black "Janocha, Hans-Dieter"]
[Result "1/2-1/2"]
[WhiteElo "1732"]
[BlackElo "1567"]
[PlyCount "38"]
[EventDate "2016.??.??"]
[SourceDate "2016.10.13"]

1. e4 g6 2. d4 Bg7 3. Nc3 d6 4. Bc4 Nf6 5. f3 e6 6. Nge2 a6 7. O-O Nc6 8. a3
O-O 9. Bg5 Ne7 10. Qd2 Re8 11. Rad1 c6 12. Kh1 b5 13. Bb3 Nd7 14. Ng3 d5 15.
Nce2 Nb6 16. c3 Ra7 17. f4 f6 18. Bh4 Rf8 19. e5 f5 1/2-1/2

[Event "SC Sendenhorst 1 - Schach Nienberge 2"]
[Site "Verbandsklasse 2016/2017"]
[Date "2016.12.10"]
[Round "4.2"]
[White "Teusner, Martin"]
[Black "Melkert, Tim"]
[Result "0-1"]
[WhiteElo "1843"]
[BlackElo "1861"]
[PlyCount "120"]
[EventDate "2016.??.??"]
[SourceDate "2016.10.13"]

1. d4 e6 2. e4 d5 3. Bd3 dxe4 4. Bxe4 Nf6 5. Bf3 c5 6. c3 Nc6 7. Ne2 Qb6 8. O-O
Be7 9. dxc5 Bxc5 10. b4 Be7 11. Be3 Qc7 12. Nd4 O-O 13. Nxc6 bxc6 14. Qb3 Bb7
15. c4 c5 16. Bxb7 Qxb7 17. b5 Rfd8 18. a4 Ng4 19. Ra2 Qe4 20. Nd2 Qf5 21. Ra3
Ne5 22. Qb1 Rd3 23. Rxd3 Nxd3 24. Nb3 Rd8 25. Rd1 Rd7 26. Rd2 Qg6 27. Nc1 Ne5
28. Qxg6 Rxd2 29. Qxf7+ Kxf7 30. Bxd2 Nxc4 31. Bc3 Nb6 32. a5 Nd5 33. Ne2 Bd8
34. Bd2 c4 35. a6 Bf6 36. Kf1 Ke7 37. Ke1 Kd6 38. Kd1 Kc5 39. Ng3 Kxb5 40. Ne4
Bd4 41. Nd6+ Kxa6 42. Nxc4 Kb5 43. Nd6+ Kc5 44. Ne4+ Kc4 45. Ng5 e5 46. Nxh7
Bxf2 47. Ng5 Be3 48. Nf7 Kd4 49. Ba5 e4 50. Nd6 Kd3 51. g3 Bd4 52. Nf5 Be5 53.
Nh4 Ne3+ 54. Ke1 Nc2+ 55. Kf1 e3 56. Nf3 e2+ 57. Kf2 Bd6 58. Ne1+ Nxe1 59. Bxe1
Bc5+ 60. Kf3 Be3 0-1

[Event "SC Sendenhorst 1 - Schach Nienberge 2"]
[Site "Verbandsklasse 2016/2017"]
[Date "2016.12.10"]
[Round "4.3"]
[White "Schipke, Thorsten"]
[Black "Janz, Stefan"]
[Result "1/2-1/2"]
[WhiteElo "1813"]
[BlackElo "1796"]
[PlyCount "107"]
[EventDate "2016.??.??"]
[SourceDate "2016.10.13"]

1. e4 c6 2. f4 d5 3. Nf3 dxe4 4. Ng5 Nf6 5. Bc4 e6 6. Nc3 Be7 7. Ncxe4 Nxe4 8.
Nxe4 Nd7 9. d4 Nf6 10. Ng5 h6 11. Nf3 O-O 12. O-O c5 13. c3 cxd4 14. Nxd4 Bc5
15. Be3 Nd5 16. Bxd5 Qxd5 17. Qe2 Qe4 18. Rad1 e5 19. fxe5 Bg4 20. Qd3 Qxe5 21.
Rde1 Qd5 22. b4 Bxd4 23. Bxd4 Be6 24. Re5 Qd7 25. Qg3 f6 26. Rh5 Kh7 27. Rf4 g5
28. Qd3+ Kg7 29. Rxf6 Rxf6 30. Bxf6+ Kxf6 31. Rxh6+ Ke5 32. Qe3+ Kf5 33. g4+
Kxg4 34. Qh3+ Kf4 35. Qxe6 Qxe6 36. Rxe6 Rc8 37. Rf6+ Ke4 38. Rf7 Rxc3 39. Rxb7
Ra3 40. Re7+ Kf3 41. Rf7+ Ke4 42. Rf2 Ra4 43. Rg2 Kf5 44. Rb2 Kf4 45. Kg2 a6
46. h3 Ra3 47. Rf2+ Ke4 48. Rb2 Kf4 49. Kh2 g4 50. hxg4 Kxg4 51. Kg2 Kf4 52.
Kf2 Ke4 53. Ke2 Kd4 54. Kd2 1/2-1/2